000 00858cam a2200289 i 4500
001 17660508
003 OSt
005 20161026150541.0
008 130315s2014 caua b 001 0 eng
010 _a 2013009318
020 _a9781412998642 (alk. paper)
040 _aDLC
_beng
_cDLC
_erda
_dDLC
042 _apcc
049 _aAlfaisal Main Library
050 0 0 _aH62
_b.L482 2014
082 0 0 _a300.72/1
_223
100 1 _aLichtman, Marilyn.
245 1 0 _aQualitative research for the social sciences /
_cMarilyn Lichtman, Virginia Tech.
260 _cc2014
300 _axxvii, 418 pages :
_billustrations ;
_c23 cm
504 _aIncludes bibliographical references and index.
650 0 _aQualitative research.
650 0 _aSocial sciences
_xResearch
_xMethodology.
655 7 _aPrint books.
_2local
942 _2lcc
_cBOOKS
264 _cc2014
999 _c6363
_d6363